000 00542nam a2200193Ia 4500
003 OSt
005 20260128101516.0
008 250729s2005 xx 000 0 und d
040 _cAL
041 _akan
082 _a954.1 KAMK
100 _aಕಾಮತ್ ಸೂರ್ಯನಾಥ
_9228015
245 _aಕರ್ನಾಟಕದ ಸಂಕ್ಷಿಪ್ತ ಇತಿಹಾಸ
260 _aಬೆಂಗಳೂರು
_c2005
300 _a304p
650 _aHistory
_9228016
700 _aಕಾo Digumurthi
_9228017
942 _2ddc
_cBED
999 _c237852
_d237852